Obálka Náhled e-knihy:
PDF Epub
Pro půjčování e-knih musíte být přihlášeni.
Jak si půjčit online?

Noc /

Čtvrté pokračování bestsellerové série detektivních románů s kriminalistou Martinem Servazem v hlavní úloze.

Uloženo v:
Série:Martin Servaz, část 4
Hlavní autor: Minier, Bernard, 1960- (Autor)
Další autoři: Žák, Jiří, 1946-2024 (Autor)
Médium: E-kniha
Jazyk:Czech
Vydáno: V Praze : XYZ, 2025
Vydání:Třetí vydání
Témata:
Příbuzné jednotky:Z cyklu:: Martin Servaz
Tagy:
Žádné tagy
LEADER 02577nam a2200481 i 4500
001 312750
003 CZ PrSKC
005 20260601215728.0
007 ta
008 250521s2025 xr g 000 f cze
015 |a cnb003685238 
020 |a 9788076838130  |q (vázáno)  |z 978-80-7683-974-1 :  |c Kč 469,00 
035 |a (OCoLC)1527577117 
040 |a ABG001  |b cze  |d ABA001  |e rda 
041 1 |a cze  |h fre 
072 7 |a 821.133.1-3  |x Francouzská próza, francouzsky psaná  |2 Konspekt 
080 |a 821.133.1-31  |2 MRF 
080 |a (0:82-312.4)  |2 MRF 
100 1 |a Minier, Bernard,  |d 1960-  |7 xx0192250  |4 aut 
240 1 0 |a Nuit.  |l Česky 
245 1 0 |a Noc /  |c Bernard Minier ; překlad Jiří Žák 
250 |a Třetí vydání 
264 1 |a V Praze :  |b XYZ,  |c 2025 
300 |a 526 stran ;  |c 22 cm 
336 |a text  |b txt  |2 rdacontent 
337 |a bez média  |b n  |2 rdamedia 
338 |a svazek  |b nc  |2 rdacarrier 
500 |a Přeloženo z francouzštiny 
520 2 |a Čtvrté pokračování bestsellerové série detektivních románů s kriminalistou Martinem Servazem v hlavní úloze.  |b Během vyšetřování vraždy na ropné plošině v Severním moři narazí norská inspektorka Kirsten Nigaardová na sérii fotografií. O pár dní později už sedí v toulouské kanceláři kriminalisty Martina Servaze, který si snímky se zájmem prohlíží. Je na nich on sám zachycený teleobjektivem nepolapitelného sériového vraha Juliana Hirtmanna. To ale není vše. Na dalším snímku je malé dítě, Gustav. Pro Kirsten a Martina začíná děsivá výprava s ještě děsivějším nepřítelem na jejím konci. Nakladatelská anotace. 
655 7 |a francouzské romány  |7 fd132289  |2 czenas 
655 7 |a detektivní romány  |7 fd132010  |2 czenas 
655 7 |a thrillery (romány)  |7 fd184206  |2 czenas 
655 9 |a French fiction  |2 eczenas 
655 9 |a detective novels  |2 eczenas 
655 9 |a thrillers (novels)  |2 eczenas 
700 1 |a Žák, Jiří,  |d 1946-2024  |7 jk01152981  |4 trl 
787 0 8 |i Z cyklu:  |t Martin Servaz  |g 4 
900 |a ABA001  |b 20 
928 9 |a Albatros Media - XYZ 
044 |a xr 
910 |a RBIT002 
998 |d 420960  |a https://core.palmknihy.cz/api/books/420960/cover?sxw78l  |b https://core.palmknihy.cz/api/books/420960/cover/400?sxw78l  |c https://core.palmknihy.cz/api/books/420960/cover/50?sxw78l  |e 2029-04-19  |g 536  |i 9788076838130  |j https://core.palmknihy.cz/api/books/420960/preview.epub  |k https://core.palmknihy.cz/api/books/420960/preview.pdf  |l   |q 49  |r 1  |s https://www.palmknihy.cz/kniha/420960  |t ebook  |y 2025  |z 0  |v Martin Servaz  |w 4 
999 |d 312748